00313 2200145 4500001002100000005001500021035002000036245002200056100001100078300001200089260003100101082000800132084001400140990001300154INLIS00000000000236420250528112025 a0010-05250006561 aDeviasi /cMira W0 aMira W a272 hlm aJakarta :bGramedia,c1999 a510 a510 MIR d a07.12270